Normal view MARC view
  • Hashmi,Shizza & Munir,Fakhir

Entry Personal Name

Number of records used in: 3

001 - CONTROL NUMBER

  • control field: 4867

003 - CONTROL NUMBER IDENTIFIER

  • control field: NUST

005 - DATE AND TIME OF LATEST TRANSACTION

  • control field: 20170922125610.0

008 - FIXED-LENGTH DATA ELEMENTS

  • fixed length control field: 170922|| aca||aabn | a|a d

040 ## - CATALOGING SOURCE

  • Original cataloging agency: NUST
  • Transcribing agency: NUST

100 ## - HEADING--PERSONAL NAME

  • Personal name: Hashmi,Shizza & Munir,Fakhir

670 ## - SOURCE DATA FOUND

  • Source citation: Work cat.: (NUST): Hashmi,Shizza & Munir,Fakhir, The Sufi path to pakistans heart , 2017
© 2023 Central Library, National University of Sciences and Technology. All Rights Reserved.